La arquitectura de la vivienda para la clase media / (Registro nro. 3732)
[ vista simple ]
| 000 -LEADER | |
|---|---|
| fixed length control field | 02030nam a22002657a 4500 |
| 003 - CONTROL NUMBER IDENTIFIER | |
| control field | PE SENCICO BE |
| 005 - DATE AND TIME OF LATEST TRANSACTION | |
| control field | 20251020182623.0 |
| 008 - FIXED-LENGTH DATA ELEMENTS--GENERAL INFORMATION | |
| fixed length control field | 230103b |||||||| |||| 00| 0 eng d |
| 020 ## - INTERNATIONAL STANDARD BOOK NUMBER | |
| International Standard Book Number | 978-987-584-267-0 |
| 040 ## - CATALOGING SOURCE | |
| Original cataloging agency | PE SENCICO BE |
| Transcribing agency | PE SENCICO BE |
| 041 ## - LANGUAGE CODE | |
| Language code of text/sound track or separate title | spa |
| 082 ## - DEWEY DECIMAL CLASSIFICATION NUMBER | |
| Classification number | 720 |
| Item number | A |
| 111 1# - MAIN ENTRY--MEETING NAME | |
| 9 (RLIN) | 369 |
| Meeting name or jurisdiction name as entry element | Coloquio FADU - UBA |
| Location of meeting | Buenos Aires, |
| Date of meeting or treaty signing | 3-5 de mayo de 2006 |
| 245 1# - TITLE STATEMENT | |
| Title | La arquitectura de la vivienda para la clase media / |
| Statement of responsibility, etc. | Coloquio, FADU - UBA |
| 250 ## - EDITION STATEMENT | |
| Edition statement | 1a ed. |
| 260 ## - PUBLICATION, DISTRIBUTION, ETC. | |
| Place of publication, distribution, etc. | Buenos Aires: |
| Name of publisher, distributor, etc. | Nobuko, |
| Date of publication, distribution, etc. | 2010 |
| 300 ## - PHYSICAL DESCRIPTION | |
| Extent | 128 p. : |
| Other physical details | il., |
| Dimensions | 20 cm. |
| 440 1# - SERIES STATEMENT/ADDED ENTRY--TITLE | |
| 9 (RLIN) | 372 |
| Title | Reuniones científicas |
| 505 0# - FORMATTED CONTENTS NOTE | |
| Formatted contents note | Presentación / Jorge Sarquis Ponencias -- Las casas de la tele: vivienda e imaginación en la clase media / Mirta Varela -- Representaciones de la clase media en la literatura argentina contemporánea / Silvia Satta -- La vivienda de la clase media, mercancía moderna / Francisco Liernur -- "Aquí se va a construir un sueño" / Pablo Sztulwark -- La mirada desde el mercado inmobiliario / Ricardo Bullrich -- Notas sobre la subjetividad, el hábitat y clase media / Isidoro Bernstein -- Urbanizaciones cerradas / Marisela Svampa -- Análisis de proyectos de arquitectura. Casa Uriarte: Vivienda unifamiliar urbana o suburbana / María Laura Álvarez, Jorge Sarquis -- Edificio Quesada: vivienda colectiva de densidad media / Víctor Álvarez Rea, Jorge Sarquis -- Torres en la Boca: vivienda colectiva de densidad alta / Jorge Sarquis Reflexiones. Apostilla / Jorge Sarquis Reflexiones post-coloquio / Jorge Sarquis Documentos preexistentes sobre clase media. Adiós a la clase media / Mariana Martínez -- Argentina: el mito de las clases medias / Aníbal Montoya -- Clase media: descenso e incógnita / Gonzálo Álvarez Guerrero -- La calle del desencanto / Carlos Torrengo -- La clase media no existe. |
| 650 14 - SUBJECT ADDED ENTRY--TOPICAL TERM | |
| 9 (RLIN) | 49 |
| Topical term or geographic name entry element | Arquitectura |
| 650 24 - SUBJECT ADDED ENTRY--TOPICAL TERM | |
| 9 (RLIN) | 370 |
| Topical term or geographic name entry element | Arquitectura de viviendas |
| 700 1# - ADDED ENTRY--PERSONAL NAME | |
| 9 (RLIN) | 371 |
| Personal name | Sarquis, Jorge |
| 910 ## - USER-OPTION DATA (OCLC) | |
| -- | hfp |
| -- | hfp |
| 942 ## - ADDED ENTRY ELEMENTS (KOHA) | |
| Source of classification or shelving scheme | Dewey Decimal Classification |
| Koha item type | Libros |
| Classification part | 720 |
| Item part | A |
| Fecha de la última vez que lo usaron | Número de ingreso o de inventario | Pago total | Signatura topográfica completa | Precio efectivo desde | Tipo de documento | Estado perdido | Sistema de clasificación | Estado dañado | No es para préstamo | Retirado | Ubicación permanente | Ubicación actual | Fecha de adquisición |
|---|---|---|---|---|---|---|---|---|---|---|---|---|---|
| 03/01/2023 | 16440 | 720/A | 03/01/2023 | Libros | Dewey Decimal Classification | Biblioteca Central Lima | Biblioteca Central Lima | 03/01/2023 |